000 00231nam a2200097Ia 4500
008 170619s9999 xx 000 0 und d
100 _aBrassard Gilles
245 0 _afundamentals of Algorithms
260 _bNew Delhi : PHI
260 _c2006
546 _aENGLISH
999 _c18361
_d18361